Teorías del símbolo
Furkejuvvon:
| Váldodahkki: | |
|---|---|
| Materiálatiipa: | Girji |
| Giella: | espánnjágiella |
| Almmustuhtton: |
Caracas
Monte Avila
1991
|
| Preanttus: | 2a. ed |
| Ráidu: | Colección Estudios
|
| Fáttát: | |
| Fáddágilkorat: |
Lasit fáddágilkoriid
Eai fáddágilkorat, Lasit vuosttaš fáddágilkora!
|
MARC
| LEADER | 00000nam a2200000 a 4500 | ||
|---|---|---|---|
| 001 | UCV9773 | ||
| 003 | CL-VaPUC | ||
| 008 | 930430e19910000VE |||||||||||||||||spa|d | ||
| 082 | 0 | 4 | |a 809.1 |b TOD |2 21 |
| 100 | 0 | |a Todorov, Tzvetan |e author |9 303793 | |
| 245 | 1 | 0 | |a Teorías del símbolo |
| 250 | |a 2a. ed | ||
| 300 | |a 449 p | ||
| 942 | |c BK | ||
| 945 | |d 19930430 00:00:00 | ||
| 260 | |a Caracas |b Monte Avila |c 1991 | ||
| 650 | 7 | |a SIMBOLISMO EN LA LITERATURA |2 CL-VaPUC |9 268713 | |
| 650 | 0 | |a Poesía |9 265825 | |
| 650 | 0 | |a Historia y crítica |9 257407 | |
| 583 | |a last modification |c 19930430 00:00:00 |k Rodrigo Vera | ||
| 490 | 0 | |a Colección Estudios | |
| 999 | |c 215072 |d 215070 | ||
| 952 | |0 0 |1 0 |4 0 |6 809_100000000000000_TOD_1991 |7 0 |8 P |9 199023 |a BIBARQ |b BIBARQ |d 2019-11-14 |i 2663546 |o 809.1 TOD 1991 |p 2663546 |r 2025-01-20 |w 2019-11-14 |y BK |k ARQ | ||